LEADER 00677nam0-22002771i-450- 001 990002217630403321 005 20021010 035 $a000221763 035 $aFED01000221763 035 $a(Aleph)000221763FED01 035 $a000221763 100 $a20021010d--------km-y0itay50------ba 101 0 $aita 200 1 $aCarbazolgruppe 210 $aLeipzig$cG. Thieme$d1919. 215 $aVIII, 317 p.$d25 cm 676 $a 700 1$aCohn,$bGeorg$0237113 801 0$aIT$bUNINA$gRICA$2UNIMARC 901 $aBK 912 $a990002217630403321 952 $a80 XXVII 533$b5725$fFFABC 959 $aFFABC 996 $aCarbazolgruppe$9396564 997 $aUNINA DB $aING01 LEADER 01562nam 2200481 450 001 9910795052903321 005 20200923020339.0 010 $a1-60649-359-0 035 $a(CKB)4340000000261650 035 $a(Au-PeEL)EBL5326130 035 $a(CaPaEBR)ebr11532684 035 $a(OCoLC)1030039344 035 $a(CaSebORM)9781606493595 035 $a(MiAaPQ)EBC5326130 035 $a(EXLCZ)994340000000261650 100 $a20180413h20182018 uy 0 101 0 $aeng 135 $aurcnu|||||||| 181 $2rdacontent 182 $2rdamedia 183 $2rdacarrier 200 10$aAfrican American entrepreneurs $esuccesses and struggles of entrepreneurs of color in America /$fMichelle Ingram Spain and J. Mark Munoz 210 1$aNew York, New York :$cBusiness Expert Press,$d2018. 210 4$dİ2018 215 $a1 online resource (139 pages) 225 1 $aEntrepreneurship and Small Business Management Collection,$x1946-5661 300 $aIncludes index. 311 $a1-60649-358-2 410 0$aEntrepreneurship and small business management collection. 606 $aAfrican American businesspeople 606 $aEntrepreneurship$zUnited States 615 0$aAfrican American businesspeople. 615 0$aEntrepreneurship 676 $a338.0408996073 700 $aSpain$b Michelle Ingram$01576216 702 $aMunoz$b J. Mark 801 0$bMiAaPQ 801 1$bMiAaPQ 801 2$bMiAaPQ 906 $aBOOK 912 $a9910795052903321 996 $aAfrican American entrepreneurs$93853864 997 $aUNINA